00339nam a22001457a 4500003000500000005001700005008004100022020001800063040000600081082001500087100001900102245002900121260003400150300000900184CEME20210628203418.0210305b xxu||||| |||| 00| 0 eng d a0-14-062089-3 c. a808.83 CRA aCrane, Stephen aThe red badge of courage aNEW YORKbPENGUIN BOOKSc1994 a159P